000 00654nam a2200169 i 4500
001 31091
003 ES-MaACL
007 t|
008 030128s1862 fr ||||1| fre d
100 1 _aBazin, Antoine-Pierre Ernest.
_926746
245 1 0 _aLeçons théoriques et cliniques suer les affections cutanees /
_cErnest Antoine-Pierre Bazin ; professes par le doctour Ernest Bazrin ; redigées et publiées par Alfred Pouquet.
260 _aParís :
_b[s.n.,
_c1862] (
_fE. Martinet)
300 _a5 lám. ;
_c22 cm.
700 1 _aBazin, Ernest.
_926747
700 1 _aPouquet, Alfred.
_993457
852 _aES-MaACL
_jG-14082(2)
_q. - Encuadernado con otras obras
999 _c31091
_d31091